1697 1934 1867 1074 1176 1811 1876 1854 1513 1125 1117 1274 1876 1749 1711 1823 1597 1334 1403 1726 1515 1402 1514 1438 1939 1378 1153 1829 1323 1243 1130 1441 1822 1189 1183 1804 1451 1089 1461 1992 1090 1455 1022 1273 1863 1379 1582 1719 1596 1629 1823 1478 1638 1239 1095 1497 1601 1430 1237 1970 1218 1092 1170 1204 1720 1546 1265 1817 1592 1000 1286 1874 1451 1511 1005 1788 1830 1025 1691 1767 1062 1953 1336 1230 1824 1616 1730 1998 1793 1868 1990 1022 1535 1820 1277 1636 1899 1668 1356 BCNSPRNW ULIB Ver.6.0+V

เปลี่ยนเป็นภาษาไทย

Change to English
 แสดงรายละเอียดบรรณานุกรม
  กลับหน้าหลัก

Brief Record : Get Marc (ISO 2709) : E-mail record : QR code < ปิดหน้าต่าง
LEADER : 00000nam 2200000uu 4500
001    13399127882
003     ULIB
008    020711s2563 th a 000 0 tha d
020    ^a9786164261730
050    ^aQA100^bช424ค
100    ^aชัยรัตน์ มดนาค
245    ^aคณิตศาสตร์ประกันชีวิตเบื้องต้น
250    พิมพ์ครั้งที่ 1
260    ^aพิษณุโลก :^bสำนักพิมพ์มหาวิทยาลัยนเรศวร,^c2563
300    ^a324 หน้า;^b26 ซม.
650    ^aประกันชีวิต
945    ^p380^l0^i008512
999    ^aประนอม เกษจรัล
รายการนี้ยังไม่มีแท็ก
คุณยังไม่ได้ล็อกอิน คุณสามารถมีกิจกรรมร่วมกับเว็บไซต์ได้ แต่ต้องล็อกอินก่อน ::
  ล็อกอิน

รายการสื่อสารสนเทศ

ลำดับที่ ประเภท เลขเรียก/บาร์โค้ด สถานที่ สถานะ
1. การศึกษาทั่วไป
หนังสือสำรอง
สถานะ=หนังสือสำรอง
QA100 ช424ค ฉ.1 
  Barcode: 008512
ห้องสมุดวิทยาเขตสวรรค์ประชารักษ์
►หนังสือทั่วไป
บนชั้น

รายการใกล้เคียง
    ชื่อเรื่อง [คณิตศาสตร์ประกันชีวิตเบื้องต้น]

    หัวเรื่อง [ประกันชีวิต]

BibComment


ยังไม่เคยถูกคอมเมนท์

คอมเมนท์ทรัพยากรรายการนี้
  คอมเมนท์: คณิตศาสตร์ประกัน..


 Copyright 2026. Bcnsprnw @Library